00614nam a2200193 i 450000500170000000800410001702000370005804000250009508200170012010000310013724500480016826400640021630000230028033600210030333700250032433800230034965000300037265000180040220221220143710.0221019s2012 my e 000 f may d a9789831248010cRM0.00qpaperback aPPAKbengcPPAKerda04223a899.23330 aRozita Abd. Wahabeauthor.10aSetelah Hati Dimiliki /cROZITA ABD. WAHAB. 1aShah Alam, Selangor :bGRUP BUKU KARANGKRAF SDN. BHD,c2012 a543 pages :c18 cm atext2rdacontent aunmediated2rdamedia avolume2rdacarrier10aMalaysian fiction (Malay)20aMalay fiction